Normal view
MARC view
- الاردن- تاريخ، فلسطين- تاريخ
Entry Topical Term
001 - CONTROL NUMBER
- control field: 15035
003 - CONTROL NUMBER IDENTIFIER
- control field: JO-AjAnu
005 - DATE AND TIME OF LATEST TRANSACTION
- control field: 20230606072711.0
008 - FIXED-LENGTH DATA ELEMENTS
- fixed length control field: 230606|| aca||aabn | a|a d
040 ## - CATALOGING SOURCE
- Original cataloging agency: JO-AjAnu
- Transcribing agency: JO-AjAnu
150 ## - HEADING--TOPICAL TERM
- Topical term or geographic name entry element: الاردن- تاريخ، فلسطين- تاريخ
670 ## - SOURCE DATA FOUND
- Source citation: Work cat.: (JO-AjAnu)7719: تاليف الدجاني، يعقوب كامل, author 15034, الدراسات الفلسطينية الأردنية 1992 (1) : الدور الذي لعبه أبناء شرقي الاردن في مؤارزة عرب فلسطين في نظالهم 1908 - 1949، الجزء الأول